00225nam a22000977a 4500020001800000082001200018100002300030245002800053260003700081300000900118 a9789698535155 a297.577 aDr. Ahmad Al Asaal aIslam ka khandani nizam aIslamabadbNUST publishingc2015 a452p